| 000 | 01602cab a2200541 4500 | ||
|---|---|---|---|
| 001 | ABS49802 | ||
| 008 | 090401t1993 xxu||||| |||| 00| 0 eng d | ||
| 035 | _a(Sirsi) u72789 | ||
| 041 | _aeng | ||
| 245 | _aRecent developments in housing law | ||
| 260 | _c1993 | ||
| 350 | _a0 | ||
| 490 |
_aLegal Action _vDecember 1993, 10-15(6) |
||
| 520 | _aA quarterly round-up of legislative changes, statutory instruments issued and law cases heard on all aspects of housing law. | ||
| 650 | _aACCELERATED POSSESSION PROCEDURE | ||
| 650 | _aASSURED SHORTHOLD TENANCIES | ||
| 650 | _aBARNSLEY MBC V CROSSLAND 1993 | ||
| 650 | _aBRENT LBC V PERSONS UNKNOWN 1993 | ||
| 650 | _aCARAVANS | ||
| 650 | _aWESTMINSTER LBC V ISAAC | ||
| 650 | _aEATON SQUARE PROPERTYIES V BEVERIDGE | ||
| 650 | _aELVIDGE | ||
| 650 | _aFORFEITURE | ||
| 650 | _aHAFTON PROPERTIES V CAMP 1993 | ||
| 650 | _aHARASSMENT | ||
| 650 | _aHOLLOWAY V JOHN CANDLER CARS | ||
| 650 | _aHOUSING ACT 1985 PT III | ||
| 650 | _aHUGHES V GREENWICH | ||
| 650 | _aINTENTIONAL HOMELESSNESS | ||
| 650 | _aJARVIS | ||
| 650 | _aKHATUN | ||
| 650 | _aMASON V NWOKORIE 1993 | ||
| 650 | _aMESNE PROFITS | ||
| 650 | _aMOD V THOMPSON 1993 | ||
| 650 | _aNEW ENGLAND PROPERTIES V PORTSMOUTH NEW SHOPS 1993 | ||
| 650 | _aPIRIE | ||
| 650 | _aPOLLARD V JACKSON 1993 | ||
| 650 | _aSAWYERS | ||
| 650 | _aSECURITY OF TENURE | ||
| 650 | _aSQUATTERS | ||
| 650 | _aTRESPASS | ||
| 650 | _aUGBO | ||
| 650 | _aWATKINS | ||
| 650 | _aWILSON V MARTINS EXORS 1993 | ||
| 690 | _aHOUSING | ||
| 942 | _n0 | ||
| 948 | _c04/03/1997 | ||
| 999 |
_c46005 _d46005 |
||